Top 3 Spotify Streams Per Artist - Statistics

General Stats
  • This quiz has been taken 262 times
  • The average score is 22 of 89
Answer Stats
Answer % Correct
Dancing Queen
60%
Shape of You
60%
Billie Jean
58%
Bohemian Rhapsody
58%
Sorry
49%
Toxic
48%
Beat It
47%
I Will Always Love You
46%
Rolling in the Deep
46%
My Heart Will Go On
44%
Shake It Off
44%
Rocket Man
43%
Stairway to Heaven
43%
Poker Face
42%
I Want It That Way
41%
Jailhouse Rock
41%
...Baby One More Time
39%
Perfect
39%
Firework
38%
Another Brick in the Wall, Pt. 2
36%
Someone Like You
36%
Bad Romance
35%
Let It Be
35%
Dark Horse
34%
Halo
34%
Here Comes the Sun
34%
Love Yourself
34%
Don't Stop Me Now
32%
Hound Dog
32%
My Way
30%
Oops!...I Did It Again
30%
I Wanna Dance with Somebody
29%
Paint It Black
29%
Thinking Out Loud
29%
Crazy in Love
28%
(I Can't Get No) Satisfaction
28%
Like a Prayer
27%
Material Girl
27%
Another One Bites the Dust
26%
Fly Me to the Moon
26%
Stronger
26%
The Scientist
26%
Can't Help Falling in Love
25%
Starman
24%
Work
24%
One
23%
Tiny Dancer
23%
Wish You Were Here
22%
Comfortably Numb
21%
Gimme! Gimme! Gimme!
21%
With or Without You
21%
What Do You Mean?
20%
99 Problems
18%
Come Together
18%
Everybody
17%
"Heroes"
17%
Baba O'Riley
16%
Immigrant Song
14%
Look What You Made Me Do
14%
POWER
14%
Something Just Like This
14%
Whole Lotta Love
14%
Beautiful Day
13%
We Belong Together
13%
Hymn for the Weekend
12%
My Generation
12%
Start Me Up
11%
I Don't Wanna Live Forever
10%
Love on the Brain
10%
The Winner Takes It All
10%
I Have Nothing
8%
Behind Blue Eyes
7%
Chained to the Rhythm
7%
4 Minutes
6%
Always Be My Baby
6%
As Long as You Love Me
6%
Don't Go Breaking My Heart
6%
Rebel Rebel
6%
Don't Stop 'Til You Get Enough
5%
Numb / Encore
5%
Send My Love
5%
Without You
5%
Because You Loved Me
4%
Come Fly with Me
4%
FourFiveSeconds
4%
It's All Coming Back to Me Now
3%
Million Reasons
3%
Clique
2%
Perfect Duet
2%
No matching quizzes found
Score Distribution
Percent of People with Each Score
Percentile by Number Answered
Your Score History
You have not taken this quiz